Responses for Show #3422 - Tuesday, June 22, 1999

Terry Currin game 2.

Contestants

[<< previous game]

John Quaintance, a freelance writer from Venice, California

Linda Poggensee, a stay-at-home mom from La Grange, Illinois

Terry Currin, a systems analyst from White Lake, Michigan (whose 1-day cash winnings total $4,699)

[next game >>]

Jeopardy! Round responses

STATE FAIR SITES
(Alex: You give us the state.)
FOR FISH AFICIONADOS
(Alex: You're going to have trouble saying that; you can identify it simply as FISH.)
FAMOUS LASTS
FICTIONAL CHARACTERS
I KNOW THAT SONG
"FOR" WORDS & "BACK" WORDS
    $100 8
California

John
    $100 26
Fluorescent lights

John
    $100 1
Hanging/execution

John
    $100 3
Lestat

Linda
    $100 14
"My Favorite Things"

John
    $100 19
Backbone

Terry
    $200 9
Mississippi

Terry
    $200 27
Freshwater or saltwater

Triple Stumper
    $200 2
Dodo

Linda
    $200 4
(T: Who is Dr. Zhivago?)

"Anna Karenina"

Terry
Triple Stumper
    $200 15
"Losing My Religion"

John
    $200 20
Forest

John
    $300 10
Louisiana

Terry
    $300 28
Fishbowl

Terry
    $300 13
(J: What is Austrio-Prussian?)

Austria-Hungary

LindaJohn
    $500 5
Lady Chatterley

Linda
    $300 16
"My Heart Will Go On"

Triple Stumper
    $300 21
The backstroke

John
    $400 11
Pennsylvania

Terry
    $400 29
(buzzer sounds)

Fantail

Triple Stumper
    $400 24
Model T

Terry
    $400 6
"Of Mice and Men"

Terry
    $400 17
(Alex: Did I sing it pretty well?)
(L: Yes.)
(Alex: No, I didn't!)

"Bohemian Rhapsody"

Linda
    $400 22
Foreclosure

John
    $500 12
(T: What is North Carolina?)
(L: What is Colorado?)

New Jersey

TerryLinda
Triple Stumper
    $500 25
Agatha Christie

Linda
    $500 7
(J: What is "Ethan Frome?")

"The Age of Innocence"

LindaJohn
    $500 18
"What I Did for Love"

Terry
    $500 23
(a minute to go...)

Formica

John

Scores at the first commercial break (after clue 13):

Terry Linda John
$600 $1,100 -$600

Scores at the end of the Jeopardy! Round:

Terry Linda John
$1,900 $2,000 $1,200

Double Jeopardy! Round responses

THE SOUTH PACIFIC
SCREEN SIRENS
HAIL THE ROMAN EMPEROR!
MILITARY SCIENCE
BORN & DIED
"T" TIME
    $200 25
(J: What are snakes?)

Coconut

John
Triple Stumper
    $200 1
(L: What is "Romeo and Juliet?")
(Alex: No, we were going for the role, not the film.)

Juliet

TerryLinda
    $200 11
Nero

Linda
    $200 21
Commander-in-Chief

Terry
    $200 16
Princess Grace (Grace Kelly)

John
    $200 2
Trunks

Terry
    $400 26
Easter Island

John
    $400 5
Ellen Barkin

John
    $400 12
Caesar Augustus

Linda
    $400 22
Search

Terry
    $400 17
Ferdinand Marcos

John
    $400 3
Toadstool

Terry
    $600 27
Australia

Linda
    $600 6
Catherine Deneuve

Linda
    $600 13
Caligula

Terry
    $600 23
Reveille

Terry
    $600 18
Robert Louis Stevenson

John
    $600 4
Tut-Tut

John
    $800 28
(buzzer sounds)

Thor Heyerdahl

Triple Stumper
    $800 7
Lee Remick

Linda
    $800 14
Hadrian

Terry
    $800 24
(J: What is 5?)
(minute to go...)

1

LindaJohn
    $800 19
Marie Curie

John
    $800 9
Turkmenistan

John
    $1000 8
Jacqueline Bisset

John
    $1000 15
Marcus Aurelius

Triple Stumper
    $1,200 20
(J: Who was Howard Johnson?)

Conrad Hilton

John
    $1000 10
Till

Triple Stumper

Scores at the end of the Double Jeopardy! Round:

Terry Linda John
$5,300 $5,200 $4,200

[wagering suggestions for these scores]

Final Jeopardy! Round responses

HISTORIC DATES
(Alex: And we'll have one for you after this!)
(Alex: Someone asked me the other day if we've ever had a three-way tie...)
JohnWhat is July 4th, 1976
$4,200
LindaWhat is 7-4-1976?
$3,200
TerryWhat is July 4, 1976
$5,100
July 4, 1976 (the Bicentennial)

Final scores:

Terry Linda John
$10,400 $8,400 $8,400
2-day champion: $15,099 2nd place: Trip to Laguna Cliffs Marriott Resort, Dana Point, California 3rd place: Vivitar Sport Travel Kit

Game dynamics:

Coryat scores:

Terry Linda John
$5,300 $5,000 $5,400
16 R
(including 1 DD),
2 W
13 R
(including 1 DD),
2 W
18 R,
5 W
(including 1 DD)

Combined Coryat: $15,700

[game clues] [game scores] [suggest correction]

Game tape date: Unknown
The J! Archive is created by fans, for fans. Scraping, republication, monetization, and malicious use prohibited; this site may use cookies and collect identifying information. See terms. The Jeopardy! game show and all elements thereof, including but not limited to copyright and trademark thereto, are the property of Jeopardy Productions, Inc. and are protected under law. This website is not affiliated with, sponsored by, or operated by Jeopardy Productions, Inc. Join the discussion at JBoard.tv.